| 000 | 00540nam a22001937a 4500 | ||
|---|---|---|---|
| 003 | OSt | ||
| 005 | 20240611121056.0 | ||
| 008 | 240611b |||||||| |||| 00| 0 eng d | ||
| 022 | _a0521009243 | ||
| 040 | _cMUST | ||
| 082 | _a516.9 LEV 2002 | ||
| 100 |
_aLeveque, Randall J _917036 |
||
| 245 | _aFinite Volume Methods for Hyperbolic Problems | ||
| 260 |
_aUSA _b: Cambridge University press _c, 2002 |
||
| 300 |
_axix, 557 _b: ill _c; 35 cm |
||
| 504 | _aIncludes Bibliography Index | ||
| 650 | _2Electro magnetic | ||
| 942 |
_2ddc _cO_SHELF |
||
| 999 |
_c8375 _d8375 |
||